000 00287nam a22001337a 4500
008 170228b xxu||||| |||| 00| 0 eng d
020 _a9780972998864
041 _aeng
080 _a616.8-006
100 _a4
101 _aSHM
245 _aBREASTFEEDING
_cSPANGLER, A
942 _2udc
_cBK
999 _c6445
_d6445